• 首页
  • 本馆介绍
  • 公告通知
  • 最新文献
  • 馆藏检索
  • 电子资源
  • 读者导购
  • 参考咨询
  • 我的图书馆
  • 登录
  • 详细信息显示
  • 放入我的书架
  • 预约/预借图书
  • 作者相关作品
  • 分类相关作品
  • 丛书相关作品
  • 出版社相关作品

书目信息

  • 表格格式
  • 工作单格式
  • 卡片格式
题名:
月亮花园
    
 
作者: 翌平 著
分册:  
出版信息: 南昌   江西高校出版社  2012
页数: 233页
开本: 23cm
丛书名:
单 册:
中图分类: I287.45 , I287.47
科图分类:
主题词: 儿童文学--中篇小说--小说集--中国--当代 , 儿童文学--短篇小说--小说集--中国--当代 , 儿童文学 , 中篇小说 , 短篇小说
电子资源:
ISBN: 978-7-5493-0907-8
000 01075nam0 2200289 450
001 012001003679
005 20140926114741.0
010    @a978-7-5493-0907-8@dCNY29.80
100    @a20121212d2012 cemy0chiy50 ea
101 0  @achi
102    @aCN@b360000
105    @ay z 000ay
106    @ar
200 1  @a月亮花园@9yue liang hua yuan@f翌平著
210    @a南昌@c江西高校出版社@d2012
215    @a233页@d23cm
330    @a本书是《中国新锐儿童文学作家自选集》丛书中的1册。本书收录了作者近年来创作的十多个中短篇小说,以校园、青春故事为主。它分为三个篇章:花的心事、少年如风和心灵之光。本书主要描述了孩子们纯真的年代,描写了孩子们在成长过程中所经历的种种蜕变,以及在经历破蛹的阵痛后,孩子们的青春化为轻盈美丽的蝴蝶,肆意飞翔的过程。
606 0  @a儿童文学@x中篇小说@x小说集@y中国@z当代
606 0  @a儿童文学@x短篇小说@x小说集@y中国@z当代
606 0  @a儿童文学
606 0  @a中篇小说
606 0  @a短篇小说
690    @aI287.45@v5
690    @aI287.47@v5
701  0 @a翌平@9yi ping@4著
801  0 @aCN@b上海新华@c20180901
905    @b1163362-6@dI287.45@e585@f5
    
    月亮花园/翌平著.-南昌:江西高校出版社,2012
    233页;23cm
    
    
    ISBN 978-7-5493-0907-8:CNY29.80
    本书是《中国新锐儿童文学作家自选集》丛书中的1册。本书收录了作者近年来创作的十多个中短篇小说,以校园、青春故事为主。它分为三个篇章:花的心事、少年如风和心灵之光。本书主要描述了孩子们纯真的年代,描写了孩子们在成长过程中所经历的种种蜕变,以及在经历破蛹的阵痛后,孩子们的青春化为轻盈美丽的蝴蝶,肆意飞翔的过程。
●
相关链接 在E读中查询图书 在五车中查询图书 在当当中查询图书 在豆瓣中查询图书


正题名:月亮花园     索取号:I287.45/585         预约/预借

序号 登录号 条形码 馆藏地/架位号 状态 备注
1 1163362   211633623   第一样本阅览室/ [索取号:I287.45/585] 在馆    
2 1163363   211633632   密集书库-文学院/ [索取号:I287.45/585] 在馆    
3 1163364   211633641   第二借阅区/ [索取号:I287.45/585] 在馆    
4 1163365   211633650   第二借阅区/ [索取号:I287.45/585] 在馆    
5 1163366   211633669   第二借阅区/ [索取号:I287.45/585] 在馆    
唐山师范学院图书馆 欢迎您!
大连网信软件有限公司© 版权所有